<?xml version="1.0" encoding="UTF-8"?>
<record
    xmlns:xsi="http://www.w3.org/2001/XMLSchema-instance"
    xsi:schemaLocation="http://www.loc.gov/MARC21/slim http://www.loc.gov/standards/marcxml/schema/MARC21slim.xsd"
    xmlns="http://www.loc.gov/MARC21/slim">

  <leader>01580nam a2200205Ia 4500</leader>
  <controlfield tag="003">OSt</controlfield>
  <controlfield tag="005">20250726122733.0</controlfield>
  <controlfield tag="008">210210b2001   xxu||||| |||| 00| 0 eng d</controlfield>
  <datafield tag="040" ind1=" " ind2=" ">
    <subfield code="c">AL</subfield>
  </datafield>
  <datafield tag="041" ind1=" " ind2=" ">
    <subfield code="a">Kannada</subfield>
  </datafield>
  <datafield tag="082" ind1=" " ind2=" ">
    <subfield code="a">K894.1 SATG</subfield>
  </datafield>
  <datafield tag="100" ind1=" " ind2=" ">
    <subfield code="a">SATISHA KULAKARNI.</subfield>
    <subfield code="d">&#xCB8;&#xCA4;&#xCC0;&#xCB6; &#xC95;&#xCC1;&#xCB2;&#xC95;&#xCB0;&#xCCD;&#xCA3;&#xCBF; </subfield>
    <subfield code="9">220372</subfield>
  </datafield>
  <datafield tag="245" ind1=" " ind2=" ">
    <subfield code="a">Gandhi gida</subfield>
    <subfield code="b">&#xC97;&#xCBE;&#xC82;&#xCA7;&#xCC0;&#xC97;&#xCBF;&#xCA1; </subfield>
  </datafield>
  <datafield tag="260" ind1=" " ind2=" ">
    <subfield code="a">Ballari</subfield>
    <subfield code="b">Lohiya Prakashana</subfield>
    <subfield code="c">2001</subfield>
  </datafield>
  <datafield tag="300" ind1=" " ind2=" ">
    <subfield code="a">xviii,63</subfield>
  </datafield>
  <datafield tag="520" ind1=" " ind2=" ">
    <subfield code="a">&#xC97;&#xCBE;&#xC82;&#xCA7;&#xCC0;&#x200C; &#x200C;&#xC97;&#xCBF;&#xCA1;&#x200C; &#x200C;-&#xC95;&#xCB5;&#xCBF; &#xCB8;&#xCA4;&#xCC0;&#xCB6;&#xCCD; &#xC95;&#xCC1;&#xCB2;&#xC95;&#xCB0;&#xCCD;&#xCA3;&#xCBF; &#xC85;&#xCB5;&#xCB0; &#xC95;&#xCB5;&#xCA8; &#xCB8;&#xC82;&#xC95;&#xCB2;&#xCA8;. &#xC95;&#xCA5;&#xCBE;&#xCB5;&#xCB8;&#xCCD;&#xCA4;&#xCC1;, &#xCB6;&#xCC8;&#xCB2;&#xCBF;&#xCAF;&#xCCA;&#xC82;&#xCA6;&#xCBF;&#xC97;&#xCC6; &#xC95;&#xC82;&#xC97;&#xCCA;&#xCB3;&#xCBF;&#xCB8;&#xCC1;&#xCA4;&#xCCD;&#xCA4;&#xCB5;&#xCC6; &#xC87;&#xCB2;&#xCCD;&#xCB2;&#xCBF;&#xCAF; &#xC92;&#xC9F;&#xCCD;&#xC9F;&#xCC1; &#x200C;26&#x200C; &#x200C;&#xC95;&#xCB5;&#xCBF;&#xCA4;&#xCC6;&#xC97;&#xCB3;&#xCBF;&#xCB5;&#xCC6;.&#x200C; &#x200C;&#xCB8;&#xCBE;&#xCB9;&#xCBF;&#xCA4;&#xCBF; &#xCA1;&#xCBE;.&#x200C; &#x200C;&#xCAA;&#xCCD;&#xCB0;&#xCB9;&#xCCD;&#xCB2;&#xCBE;&#xCA6;&#x200C; &#x200C;&#xC85;&#xC97;&#xCB8;&#xCA8;&#xC95;&#xC9F;&#xCCD;&#xC9F;&#xCC6;&#x200C; &#x200C;&#xCAE;&#xCC1;&#xCA8;&#xCCD;&#xCA8;&#xCC1;&#xCA1;&#xCBF; &#xCAC;&#xCB0;&#xCC6;&#xCA6;&#xCBF;&#xCA6;&#xCCD;&#xCA6;&#xCBE;&#xCB0;&#xCC6;. &#xC95;&#xCBE;&#xCA6;&#xC82;&#xCAC;&#xCB0;&#xCBF;&#xC95;&#xCBE;&#xCB0;&#xCCD;&#xCA4;&#xCBF; &#xCB5;&#xCC8;&#xCA6;&#xCC7;&#xCB9;&#xCBF; &#xC85;&#xCB5;&#xCB0;&#xCC1; &#xCAC;&#xCB0;&#xCC6;&#xCA6; &#xCAC;&#xCC6;&#xCA8;&#xCCD;&#xCA8;&#xCC1;&#xCA1;&#xCBF;&#xCAF;&#xCB2;&#xCCD;&#xCB2;&#xCBF; &#x2018;&#xCAE;&#xCC3;&#xCA6;&#xCC1;&#xCB5;&#xCBE;&#xC97;&#xCBF;&#xCAF;&#xCC7; &#xCB9;&#xCC7;&#xCB3;&#xCBF;&#xCAC;&#xCBF;&#xCA1;&#xCAC;&#xCB2;&#xCCD;&#xCB2; &#xC85;&#xCAA;&#xCB0;&#xCC2;&#xCAA;&#xCA6; &#xCB6;&#xC95;&#xCCD;&#xCA4;&#xCBF; &#xC87;&#xCB5;&#xCB0; &#xC95;&#xCBE;&#xCB5;&#xCCD;&#xCAF;&#xC95;&#xCCD;&#xC95;&#xCBF;&#xCA6;&#xCC6;. &#xC95;&#xCB5;&#xCBF;&#xCAF; &#xC85;&#xCA8;&#xCC1;&#xCAD;&#xCB5;&#xC97;&#xCB3;&#xCC1; &#xC87;&#xCB2;&#xCCD;&#xCB2;&#xCBF; &#xCA8;&#xCC1;&#xCA1;&#xCBF; &#xC9C;&#xCC0;&#xCB5; &#xCAA;&#xCA1;&#xCC6;&#xCA6;&#xCC1; &#xC95;&#xCBE;&#xCB5;&#xCCD;&#xCAF;&#xCB5;&#xCBE;&#xC97;&#xCBF;&#xCB5;&#xCC6;. &#xC87;&#xCB2;&#xCCD;&#xCB2;&#xCBF;&#xCAF; &#xC95;&#xCB5;&#xCA8;&#xC97;&#xCB3;&#xCC1; &#xC95;&#xCCD;&#xCB0;&#xCBE;&#xC82;&#xCA4;&#xCBF;&#xCAF;&#xC82;&#xCA4;&#xCC6; &#xC9C;&#xCC0;&#xCB5;&#xC82;&#xCA4;&#xCB5;&#xCBE;&#xC97;&#xCBF;&#xCB5;&#xCC6;&#x2019; &#xC8E;&#xC82;&#xCA6;&#xCC1; &#xCAA;&#xCCD;&#xCB0;&#xCB6;&#xC82;&#xCB8;&#xCBF;&#xCB8;&#xCBF;&#xCA6;&#xCCD;&#xCA6;&#xCBE;&#xCB0;&#xCC6;. </subfield>
  </datafield>
  <datafield tag="690" ind1=" " ind2=" ">
    <subfield code="a">Kannada Poetry</subfield>
    <subfield code="9">220373</subfield>
  </datafield>
  <datafield tag="906" ind1=" " ind2=" ">
    <subfield code="a">056247</subfield>
  </datafield>
  <datafield tag="942" ind1=" " ind2=" ">
    <subfield code="2">ddc</subfield>
    <subfield code="c">BK</subfield>
  </datafield>
  <datafield tag="999" ind1=" " ind2=" ">
    <subfield code="c">103672</subfield>
    <subfield code="d">103672</subfield>
  </datafield>
  <datafield tag="952" ind1=" " ind2=" ">
    <subfield code="0">0</subfield>
    <subfield code="1">0</subfield>
    <subfield code="2">ddc</subfield>
    <subfield code="4">0</subfield>
    <subfield code="7">0</subfield>
    <subfield code="8">KAN</subfield>
    <subfield code="a">AL</subfield>
    <subfield code="b">AL</subfield>
    <subfield code="c">Kannada Literature</subfield>
    <subfield code="d">2021-02-17</subfield>
    <subfield code="e">Lohiya Prakashana, Ballari</subfield>
    <subfield code="g">35.00</subfield>
    <subfield code="l">0</subfield>
    <subfield code="o">K894.1 SATG</subfield>
    <subfield code="p">056247</subfield>
    <subfield code="r">2021-02-17 00:00:00</subfield>
    <subfield code="w">2021-02-17</subfield>
    <subfield code="y">BK</subfield>
  </datafield>
</record>
